Harry Potter Movie Picture Quiz - Food - Statistics

General Stats
  • This quiz has been taken 29 times
    28 since last reset
  • The average score is 15 of 20
Answer Stats
Picture Answer % Correct
Philosopher's Stone
100%
Chamber of Secrets
88%
Order of the Phoenix
88%
Philosopher's Stone
88%
Chamber of Secrets
84%
Order of the Phoenix
84%
Order of the Phoenix
84%
Philosopher's Stone
84%
Prisoner of Azkaban
84%
Half-Blood Prince
76%
Half-Blood Prince
76%
Half-Blood Prince
72%
Order of the Phoenix
72%
Goblet of Fire
68%
Half-Blood Prince
68%
Order of the Phoenix
68%
Deathly Hallows – Part 1
64%
Half-Blood Prince
64%
Goblet of Fire
60%
Prisoner of Azkaban
60%
No matching quizzes found
Score Distribution
Percent of People with Each Score
Percentile by Number Answered
Your Score History
You have not taken this quiz since the last reset